[Event "CAN-ch U10 Girls"]
[Site "Quebec"]
[Date "2008.07.16"]
[Round "5"]
[White "Cheng, Megan"]
[Black "Kubiak, Ola"]
[Result "1-0"]
[WhiteElo "1049"]
[BlackElo "850"]
[PlyCount "69"]
[EventDate "2008.07.14"]
[EventType "swiss"]
[EventRounds "7"]
[EventCountry "CAN"]
[SourceTitle "EXT 2011"]
[Source "ChessBase"]
[SourceDate "2010.11.26"]
[SourceVersion "1"]
[SourceVersionDate "2010.11.26"]
[SourceQuality "1"]

1. e4 e5 2. Nf3 Nc6 3. Bc4 Nh6 4. 0-0 d6 5. h3 Be6 6. Bb3 d5 7. Re1 Nd4 8. Nc3 Nxb3 9. axb3 Bb4 10. d3 d4 11. Ra4 c5 12. Nxe5 Qd6 13. Nc4 Qd8 14. Bd2 dxc3 15. Bxc3 Bxc3 16. bxc3 Rc8 17. Rxa7 Rc7 18. Qa1 Rc8 19. Ne3 b6 20. Qa4+ Bd7 21. Qa6 g6 22. Nd5 Ng8 23. Nxb6 Rb8 24. Qa5 Qxb6 25. Qa1 Qd8 26. c4 Nf6 27. e5 Be6 28. exf6 Qd6 29. Ra6 Qd7 30. Ra7 Qd8 31. Qa4+ Qd7 32. Rxd7 Kf8 33. Qa7 Bxd7 34. Qxb8+ Be8 35. Qxe8# 1-0

[Event "CAN-ch U10 Girls"]
[Site "Quebec"]
[Date "2008.07.16"]
[Round "6"]
[White "Reiher, Laurence"]
[Black "Kubiak, Ola"]
[Result "1-0"]
[WhiteElo "1039"]
[BlackElo "850"]
[PlyCount "89"]
[EventDate "2008.07.14"]
[EventType "swiss"]
[EventRounds "7"]
[EventCountry "CAN"]
[SourceTitle "EXT 2011"]
[Source "ChessBase"]
[SourceDate "2010.11.26"]
[SourceVersion "1"]
[SourceVersionDate "2010.11.26"]
[SourceQuality "1"]

1. e4 e6 2. Nf3 Nf6 3. Nc3 Bb4 4. Bc4 d5 5. exd5 exd5 6. Bd3 Bc5 7. 0-0 Ng4 8. Qe1+ Qe7 9. Qxe7+ Kxe7 10. Nxd5+ Kd8 11. Ng5 Bxf2+ 12. Rxf2 Nxf2 13. Kxf2 Be6 14. Nf4 Re8 15. Ngxe6+ fxe6 16. Kg1 Nc6 17. Bxh7 e5 18. Nd3 e4 19. Nc5 Rh8 20. Bxe4 Re8 21. Nxb7+ Kd7 22. Nc5+ Kd6 23. Bxc6 Kxc6 24. Nd3 Rad8 25. b3 Re7 26. Ba3 Rf7 27. Ne5+ Kb7 28. Nxf7 Rxd2 29. c4 Rd7 30. Ne5 Re7 31. Nf3 Rd7 32. Bb2 Rf7 33. a4 c5 34. Bc3 a6 35. b4 cxb4 36. Bxb4 Kb6 37. c5+ Kc6 38. Ne5+ Kb7 39. Nxf7 Kc6 40. h4 Kd5 41. g4 Ke6 42. c6 Kxf7 43. c7 g6 44. c8Q Kg7 45. Qf8+ 1-0

[Event "CAN-ch U10 Girls"]
[Site "Quebec"]
[Date "2008.07.15"]
[Round "4"]
[White "Kubiak, Ola"]
[Black "Giblon, Melissa"]
[Result "0-1"]
[WhiteElo "850"]
[BlackElo "1188"]
[PlyCount "94"]
[EventDate "2008.07.14"]
[EventType "swiss"]
[EventRounds "7"]
[EventCountry "CAN"]
[SourceTitle "EXT 2011"]
[Source "ChessBase"]
[SourceDate "2010.11.26"]
[SourceVersion "1"]
[SourceVersionDate "2010.11.26"]
[SourceQuality "1"]

1. e4 e5 2. Qh5 Nf6 3. Qf3 Nc6 4. Nc3 Be7 5. d3 Nd4 6. Qd1 0-0 7. Be3 Bc5 8. Na4 Be7 9. c3 Nc6 10. d4 d6 11. dxe5 Nxe5 12. Nf3 Bg4 13. h3 Nxf3+ 14. gxf3 Bd7 15. f4 Nxe4 16. Qf3 Bc6 17. Qg2 Nf6 18. Qg1 Bxh1 19. Qxh1 c6 20. Bd3 b5 21. Qg2 bxa4 22. Ke2 g6 23. f5 Nd5 24. Bh6 Qd7 25. Bxf8 Nf4+ 26. Kf3 Nxg2 27. Bxe7 Nh4+ 28. Bxh4 gxf5 29. Rg1+ Kf8 30. Rg5 Qe6 31. b3 axb3 32. axb3 Qxb3 33. Ke2 Qxc3 34. Bxf5 Re8+ 35. Kf1 a5 36. Bxh7 Qxh3+ 37. Rg2 Qxh4 38. Rg8+ Ke7 39. Rxe8+ Kxe8 40. Bc2 Qc4+ 41. Bd3 Qxd3+ 42. Ke1 a4 43. f4 a3 44. Kf2 a2 45. f5 Qxf5+ 46. Kg3 a1Q 47. Kh4 Qe1# 0-1

[Event "CAN-ch U10 Girls"]
[Site "Quebec"]
[Date "2008.07.15"]
[Round "3"]
[White "Labrosse, Karine"]
[Black "Kubiak, Ola"]
[Result "0-1"]
[WhiteElo "786"]
[BlackElo "850"]
[PlyCount "96"]
[EventDate "2008.07.14"]
[EventType "swiss"]
[EventRounds "7"]
[EventCountry "CAN"]
[SourceTitle "EXT 2011"]
[Source "ChessBase"]
[SourceDate "2010.11.26"]
[SourceVersion "1"]
[SourceVersionDate "2010.11.26"]
[SourceQuality "1"]

1. e4 e5 2. Nf3 Nc6 3. Bc4 Nf6 4. Nc3 Bc5 5. 0-0 Ng4 6. d3 Nxf2 7. Qe1 d6 8. Bg5 f6 9. Bd2 Qd7 10. Nb5 Nxd3+ 11. Qf2 Bxf2+ 12. Kh1 a6 13. Nc3 Nxb2 14. Rxf2 Nxc4 15. Be1 Nd4 16. Nh4 Nxc2 17. Rc1 Nxe1 18. Rxe1 g5 19. Rxf6 gxh4 20. Ref1 Qg4 21. g3 hxg3 22. Nd5 Kd8 23. Rf7 Bd7 24. Nf6 Qe6 25. Rg7 Ne3 26. Rf3 Qxa2 27. hxg3 Qa1+ 28. Kh2 Nf1+ 29. Kg2 Rf8 30. Rxh7 Bg4 31. Nxg4 Rxf3 32. Kxf3 Qd1+ 33. Kg2 Ra7 34. Rh8+ Kd7 35. Nf6+ Kc6 36. Rh1 Ne3+ 37. Kh2 Qd2+ 38. Kh3 Qg2+ 39. Kh4 Qxh1+ 40. Kg5 a5 41. g4 Qg1 42. Kh5 a4 43. g5 Ra8 44. Kh6 Qh1+ 45. Nh5 a3 46. g6 a2 47. g7 a1R 48. Kh7 Qxh5# 0-1

[Event "CAN-ch U10 Girls"]
[Site "Quebec"]
[Date "2008.07.14"]
[Round "2"]
[White "Kubiak, Ola"]
[Black "Lingyun, Shi"]
[Result "0-1"]
[WhiteElo "850"]
[BlackElo "1164"]
[PlyCount "44"]
[EventDate "2008.07.14"]
[EventType "swiss"]
[EventRounds "7"]
[EventCountry "CAN"]
[SourceTitle "EXT 2011"]
[Source "ChessBase"]
[SourceDate "2010.11.26"]
[SourceVersion "1"]
[SourceVersionDate "2010.11.26"]
[SourceQuality "1"]

1. e4 e5 2. Qh5 Nc6 3. Bb5 g6 4. Qd1 Bg7 5. Qg4 d5 6. Qe2 dxe4 7. Qxe4 Bd7 8. Nf3 Qe7 9. d3 a6 10. Bc4 Nf6 11. Qe2 0-0 12. d4 exd4 13. Qxe7 Nxe7 14. Nxd4 Nf5 15. c3 c5 16. Ne2 Bc6 17. Rg1 Nh4 18. Kd1 Rad8+ 19. Nd4 Nf5 20. Nd2 Nxd4 21. cxd4 Rxd4 22. Re1 Bxg2 0-1